<?xml version="1.0" encoding="UTF-8"?><?xml-stylesheet type="text/xsl" href="static/style.xsl"?><OAI-PMH xmlns="http://www.openarchives.org/OAI/2.0/" xmlns:xsi="http://www.w3.org/2001/XMLSchema-instance" xsi:schemaLocation="http://www.openarchives.org/OAI/2.0/ http://www.openarchives.org/OAI/2.0/OAI-PMH.xsd"><responseDate>2026-04-29T09:14:06Z</responseDate><request verb="GetRecord" identifier="oai:riubu.ubu.es:10259/4588" metadataPrefix="marc">https://riubu.ubu.es/oai/request</request><GetRecord><record><header><identifier>oai:riubu.ubu.es:10259/4588</identifier><datestamp>2022-04-29T12:02:48Z</datestamp><setSpec>com_10259.4_2560</setSpec><setSpec>com_10259_5086</setSpec><setSpec>com_10259_2604</setSpec><setSpec>col_10259.4_2561</setSpec></header><metadata><record xmlns="http://www.loc.gov/MARC21/slim" xmlns:doc="http://www.lyncode.com/xoai" xmlns:xsi="http://www.w3.org/2001/XMLSchema-instance" xmlns:dcterms="http://purl.org/dc/terms/" xsi:schemaLocation="http://www.loc.gov/MARC21/slim http://www.loc.gov/standards/marcxml/schema/MARC21slim.xsd">
<leader>00925njm 22002777a 4500</leader>
<datafield tag="042" ind1=" " ind2=" ">
<subfield code="a">dc</subfield>
</datafield>
<datafield tag="720" ind1=" " ind2=" ">
<subfield code="a">Gómez Paccard, Miriam .</subfield>
<subfield code="e">author</subfield>
</datafield>
<datafield tag="720" ind1=" " ind2=" ">
<subfield code="a">Pavón Carrasco, Francisco Javier</subfield>
<subfield code="e">author</subfield>
</datafield>
<datafield tag="720" ind1=" " ind2=" ">
<subfield code="a">Carrancho Alonso, Ángel</subfield>
<subfield code="e">author</subfield>
</datafield>
<datafield tag="260" ind1=" " ind2=" ">
<subfield code="c">2016</subfield>
</datafield>
<datafield tag="520" ind1=" " ind2=" ">
<subfield code="a">El arqueomagnetismo generalmente se define como el estudio e interpretación de las&#xd;
propiedades magnéticas de materiales arqueológicos calentados a alta temperatura.&#xd;
Esta técnica proporciona una importante herramienta aplicable al ámbito de las&#xd;
Ciencias de la Tierra y especialmente, a la Arqueología. El arqueomagnetismo se&#xd;
basa en dos fenómenos físicos: la existencia de variaciones espacio-temporales del&#xd;
campo magnético terrestre y la capacidad de ciertos materiales arqueológicos que han&#xd;
sufrido procesos de calentamiento a alta temperatura de adquirir una magnetización&#xd;
termorremanente. Esta magnetización es estable, paralela y proporcional al campo&#xd;
magnético terrestre presente en el momento de enfriamiento del material arqueológico.&#xd;
Por ello, a partir del estudio de la termorremanencia adquirida por materiales&#xd;
arqueológicos de distintas edades se pueden establecer curvas de la variación&#xd;
secular del campo magnético terrestre. Una vez establecidas, estas curvas regionales&#xd;
constituyen una nueva herramienta para la datación de yacimientos arqueológicos.&#xd;
Además, el arqueomagnetismo puede aportar información muy valiosa en el ámbito de&#xd;
la Arqueología ya que permite identificar y caracterizar objetos arqueológicos quemados&#xd;
y fuegos paleolíticos. En este trabajo se explican de forma didáctica los principios&#xd;
básicos de esta técnica y se presenta un caso práctico en el que se procede a la datación&#xd;
arqueomagnética de un horno arqueológico.</subfield>
</datafield>
<datafield tag="520" ind1=" " ind2=" ">
<subfield code="a">Archaeomagnetism is generally defined as the study and interpretation of the magnetic&#xd;
properties of archaeological baked materials. This technique provides an important tool&#xd;
for Earth Sciences research and particularly for Archaeology. It relies on two physical&#xd;
phenomena: spatial and temporal changes of the geomagnetic field and the ability of&#xd;
certain burned archaeological materials to acquire a thermoremanent magnetization. This&#xd;
magnetization is stable, parallel with and proportional to the ambient field in which the&#xd;
heated materials have cooled. For this reason, for any particular region secular variation&#xd;
curves can be constructed by studying well-dated archeological burned materials. Once&#xd;
established, these regional curves can be used as a dating tool for archaeological features&#xd;
from the same region. In addition, the study of the magnetic properties of archaeological&#xd;
materials can provide a wealth of information including insight into their composition,&#xd;
provenance and paleofiring conditions. In this contribution, the principal physical&#xd;
bases and applications of this technique are reviewed from a non-exhaustive didactical&#xd;
perspective.</subfield>
</datafield>
<datafield tag="024" ind2=" " ind1="8">
<subfield code="a">1132-9157</subfield>
</datafield>
<datafield tag="024" ind2=" " ind1="8">
<subfield code="a">http://hdl.handle.net/10259/4588</subfield>
</datafield>
<datafield ind1=" " ind2=" " tag="653">
<subfield code="a">Arqueomagnetismo</subfield>
</datafield>
<datafield ind1=" " ind2=" " tag="653">
<subfield code="a">Campo magnético de la Tierra</subfield>
</datafield>
<datafield ind1=" " ind2=" " tag="653">
<subfield code="a">Datación arqueomagnética</subfield>
</datafield>
<datafield ind1=" " ind2=" " tag="653">
<subfield code="a">Geomagnetismo</subfield>
</datafield>
<datafield ind1=" " ind2=" " tag="653">
<subfield code="a">Paleomagnetismo</subfield>
</datafield>
<datafield ind1=" " ind2=" " tag="653">
<subfield code="a">Archeomagnetic Dating</subfield>
</datafield>
<datafield ind1=" " ind2=" " tag="653">
<subfield code="a">Archeomagnetism</subfield>
</datafield>
<datafield ind1=" " ind2=" " tag="653">
<subfield code="a">Earth´s magnetic field</subfield>
</datafield>
<datafield ind1=" " ind2=" " tag="653">
<subfield code="a">Geomagnetism</subfield>
</datafield>
<datafield ind1=" " ind2=" " tag="653">
<subfield code="a">Paleomagnetism</subfield>
</datafield>
<datafield tag="245" ind1="0" ind2="0">
<subfield code="a">Arqueomagnetismo: aplicación al estudio del campo magnético de la Tierra y a la caracterización de yacimientos arqueológicos</subfield>
</datafield>
</record></metadata></record></GetRecord></OAI-PMH>